Memorias de un botón de rosa / (Record no. 170641)

MARC details
000 -LEADER
campo de control de longitud fija 01057nam a2200217 i 4500
001 - NÚMERO DE CONTROL
campo de control 170641
003 - IDENTIFICADOR DE NÚMERO DE CONTROL
campo de control ES-MaACL
005 - FECHA Y HORA DE LA ÚLTIMA TRANSACCIÓN
campo de control 20230906214425.0
008 - DATOS DE LONGITUD FIJA--INFORMACIÓN GENERAL
campo de control de longitud fija 090325s1930 ag |||| | spa d
080 ## - NÚMERO DE LA CLASIFICACIÓN DECIMAL UNIVERSAL
Número de la Clasificación Decimal Universal 821.134.2 (82)-3"18"
100 1# - ENTRADA PRINCIPAL--NOMBRE DE PERSONA
Nombre de persona Mitre, Bartolomé.
9 (RLIN) 81705
245 10 - MENCIÓN DEL TÍTULO
Título Memorias de un botón de rosa /
Mención de responsabilidad, etc. por Bartolomé Mitre ; [noticia de Narciso Binayán].
260 ## - PUBLICACIÓN, DISTRIBUCIÓN, ETC.
Lugar de publicación, distribución, etc. Buenos Aires :
Nombre del editor, distribuidor, etc. [s. n.],
Fecha de publicación, distribución, etc. 1930 (
Fabricante Imp. de la Universidad)
300 ## - DESCRIPCIÓN FÍSICA
Extensión 3 h., p. 388-405 ;
Dimensiones 23 cm.
490 1# - MENCIÓN DE SERIE
Mención de serie Sección de documentos.
-- Serie 4ª, Novela ;
Designación de volumen o secuencia 9 / Facultad de Filosofía y Letras de la Universidad de Buenos Aires, Instituto de Literatura Argentina
700 1# - ENTRADA AGREGADA--NOMBRE PERSONAL
Nombre de persona Binayán, Narciso.
9 (RLIN) 152219
710 2# - ENTRADA AGREGADA--NOMBRE DE ENTIDAD CORPORATIVA
Nombre de entidad corporativa o nombre de jurisdicción como elemento de entrada Universidad de Buenos Aires.
Unidad subordinada Instituto de Literatura Argentina.
9 (RLIN) 139614
830 0# - PUNTO DE ACCESO ADICIONAL DE SERIE-TÍTULO UNIFORME
Título uniforme Sección de documentos.
-- Serie 4ª, Novela ;
Designación de volumen o secuencia 9 / Facultad de Filosofía y Letras de la Universidad de Buenos Aires, Instituto de Literatura Argentina
9 (RLIN) 188965
852 ## - LOCALIZACIÓN
Ubicación ES-MaACL
Número de control de estantería C-6632(6)
Nota libre - Enc. en un vol. facticio
Holdings
Estatus retirado Estado de pérdida Estado de daño No para préstamo Biblioteca de origen Biblioteca actual Ubicación en estantería Fecha de adquisición Fuente de adquisición Total de préstamos Signatura topográfica completa Código de barras Visto por última vez Precio de reemplazo Tipo de ítem Koha
        Biblioteca del Ateneo de Madrid Biblioteca del Ateneo de Madrid Sala Palomar 25/03/2009     C-6632(6) 1179078 23/02/2023 23/02/2023 Libro impreso